[Event "15th LCC Super Rapid 2025"]
[Site "London ENG"]
[Date "2025.12.07"]
[Round "8.57"]
[White "Patel, Devan"]
[Black "Finn, Peter"]
[Result "0-1"]
[BlackTitle "CM"]
[WhiteElo "1938"]
[BlackElo "2200"]
[WhiteFideId "447889"]
[BlackFideId "432156"]
[EventDate "2025.12.06"]

1. d4 Nf6 2. Bf4 d5 3. e3 c5 4. Nf3 Nc6 5. Nbd2 Qb6 6. dxc5 Qxb2 7. Rb1 Qc3 8.
Bb5 g6 9. e4 dxe4 10. Be5 Qa5 11. O-O Bg7 12. Nc4 Qd8 13. Qxd8+ Kxd8 14. Bxc6
bxc6 15. Ng5 Ke8 16. Nxe4 Nxe4 17. Bxg7 Rg8 18. Bd4 Be6 19. Rfe1 Bxc4 20. Rxe4
Bxa2 21. Rb7 Be6 22. Rc7 a5 23. Re1 a4 24. Be5 a3 25. Rxc6 a2 26. Rc7 f6 27. Ba1
Kf7 28. Rb7 Rgc8 29. Rb6 Bd5 30. c4 Bxc4 31. c6 Rcb8 32. Rxb8 Rxb8 33. f3 Rc8
34. Kf2 Rxc6 35. Rc1 e5 36. Ke3 Ke6 37. f4 e4 38. g4 f5 39. g5 Kd5 40. Be5 Rb6
41. Rd1+ Bd3 42. Rd2 Ra6 43. Ba1 Ra3 44. Kf2 Kc4 45. Rb2 Bb1 46. Kg2 Rf3 47. Rf2
Rxf2+ 48. Kxf2 Kd3 49. Be5 Bc2 50. Bf6 Ba4 51. Ba1 Kc2 0-1

[Event "15th LCC Super Rapid 2025"]
[Site "London ENG"]
[Date "2025.12.07"]
[Round "8.58"]
[White "Quilter, Thomas A"]
[Black "Jackson, Sheila"]
[Result "1-0"]
[WhiteTitle "CM"]
[BlackTitle "WGM"]
[WhiteElo "2162"]
[BlackElo "2022"]
[WhiteFideId "408530"]
[BlackFideId "402508"]
[EventDate "2025.12.06"]

1. e4 e5 2. d4 exd4 3. Qxd4 Nc6 4. Qd3 Nf6 5. Nc3 Bb4 6. Bd2 O-O 7. O-O-O Re8 8.
Nge2 d6 9. h3 a6 10. g4 Ne5 11. Qg3 Nc4 12. Bg5 h6 13. Bxf6 Qxf6 14. Bg2 c6 15.
f4 Bc5 16. h4 Ne3 17. g5 Qg6 18. f5 Qh7 19. g6 fxg6 20. fxg6 Qh8 21. Rd3 Nxg2
22. Qxg2 h5 23. Na4 Qh6+ 24. Kb1 Bg4 25. Nxc5 dxc5 26. Rd6 Rad8 27. Rhd1 Rxd6
28. Rxd6 Qe3 29. Nc1 Kf8 30. a3 Qxe4 31. Qf2+ Qf5 32. Qg3 Ke7 33. Rd3 Kf6 34.
Qc7 Kxg6 35. Qxb7 Qc8 36. Qb6 Re5 37. Rd6+ Re6 38. Rd8 Qxd8 39. Qxd8 Kh7 40. Nd3
c4 41. Nf4 Re1+ 42. Ka2 Rf1 43. Qg5 Rf3 44. Nxh5 1-0

[Event "15th LCC Super Rapid 2025"]
[Site "London ENG"]
[Date "2025.12.07"]
[Round "8.59"]
[White "Hng, Mei-En Emmanuelle"]
[Black "Bevis, Noah"]
[Result "1/2-1/2"]
[WhiteTitle "WFM"]
[WhiteElo "2125"]
[BlackElo "1921"]
[WhiteFideId "5804566"]
[BlackFideId "343434630"]
[EventDate "2025.12.06"]

1. Nf3 Nf6 2. c4 g6 3. d4 Bg7 4. Nc3 O-O 5. e4 d6 6. h3 e5 7. dxe5 dxe5 8. Bg5
c6 9. Qc2 Qc7 10. Be2 Be6 11. O-O Nbd7 12. Rad1 h6 13. Be3 Nh5 14. c5 Nf4 15.
Rd6 Rfd8 16. b4 Bf8 17. Rdd1 Nf6 18. Rfe1 N6h5 19. Nd2 Nxe2+ 20. Nxe2 Nf4 21.
Nc4 Nxe2+ 22. Qxe2 f6 23. a3 Qf7 24. Na5 Qc7 25. Qc2 Kg7 26. Qc1 g5 27. h4 Be7
28. f3 Rxd1 29. Rxd1 Rd8 30. Rxd8 Bxd8 31. hxg5 hxg5 32. Nc4 Be7 33. Bf2 Qd7 34.
Qc2 g4 35. Ne3 gxf3 36. gxf3 Qe8 37. Kf1 Qh5 38. Ke2 Qh1 39. Qd1 Qxd1+ 40. Kxd1
Kg6 41. Bh4 a5 42. Kc2 axb4 43. axb4 Bd8 44. Kc3 b6 45. Nc4 bxc5 46. bxc5 Bxc4
47. Kxc4 Ba5 48. Bf2 Kg5 49. Be3+ Kh4 50. f4 Kg4 51. fxe5 fxe5 52. Bh6 Kf3 53.
Kd3 Bb4 54. Bf8 Ba3 1/2-1/2

[Event "15th LCC Super Rapid 2025"]
[Site "London ENG"]
[Date "2025.12.07"]
[Round "8.60"]
[White "Van Pel, Gerben"]
[Black "Hng, Mei-Xian Eunice"]
[Result "1-0"]
[BlackTitle "WFM"]
[WhiteElo "1979"]
[BlackElo "2067"]
[WhiteFideId "1068423"]
[BlackFideId "5806585"]
[EventDate "2025.12.06"]

1. d4 Nf6 2. c4 e6 3. Nf3 c5 4. d5 exd5 5. cxd5 d6 6. Nc3 g6 7. e4 Bg7 8. Bb5+
Nfd7 9. O-O O-O 10. a4 Na6 11. Bf4 Nf6 12. Nd2 Nh5 13. Be3 Nb4 14. Be2 Nf6 15.
Nc4 Re8 16. f3 a6 17. Qd2 b6 18. Bf4 Bf8 19. Bg5 Rb8 20. Qf4 Nh5 21. Bxd8 Nxf4
22. Bc7 Rb7 23. Bxd6 Nxe2+ 24. Nxe2 Bg7 25. Nc3 Nd3 26. Bg3 Rd8 27. Rab1 Bd7 28.
e5 b5 29. Nd6 Rb6 30. a5 Rxd6 31. exd6 Nxb2 32. Ne4 Nd3 33. Bh4 Re8 34. Rfd1 c4
35. Kf1 Re5 36. Rxd3 cxd3 37. Nc5 Rxd5 38. Nxd7 Rxd6 39. Nc5 d2 40. Rd1 b4 41.
Ne4 Rd4 42. Rxd2 b3 43. Rxd4 Bxd4 44. Nd2 b2 45. Bd8 f5 46. Ke2 Kf7 47. Kd3 Be5
48. h3 Ke6 49. Kc2 Kd5 50. Bb6 Bf6 51. Nf1 Kc6 52. Ne3 Kb5 53. Nd1 Be7 54. Kxb2
Bf6+ 55. Kc2 Kc4 56. Ne3+ Kb5 57. Kd3 Bh4 58. Nd5 Be1 59. Nc7+ 1-0

[Event "15th LCC Super Rapid 2025"]
[Site "London ENG"]
[Date "2025.12.07"]
[Round "8.62"]
[White "Stephan, Axel"]
[Black "Morea, Georgiana-Steluta"]
[Result "1-0"]
[WhiteElo "2228"]
[BlackElo "1920"]
[WhiteFideId "4632834"]
[BlackFideId "1204319"]
[EventDate "2025.12.06"]

1. e4 c5 2. Nc3 e6 3. g3 Nc6 4. Bg2 a6 5. a4 Nf6 6. Nge2 Be7 7. O-O d5 8. exd5
exd5 9. d4 cxd4 10. Nxd4 O-O 11. h3 h6 12. Be3 Qc7 13. Qd3 Ne5 14. Qe2 Nc4 15.
Bf4 Bd6 16. Bxd6 Nxd6 17. Qe5 Re8 18. Nxd5 Nxd5 19. Qxd5 Bd7 20. b3 Rad8 21.
Rad1 Bc8 22. Qf3 b5 23. axb5 Nxb5 24. Nxb5 axb5 25. Rxd8 Rxd8 26. Qe4 Be6 27.
Ra1 Qc3 28. Ra8 Rxa8 29. Qxa8+ Kh7 30. Qe4+ g6 31. g4 Qa1+ 32. Kh2 Qc3 33. Bf3
Qd2 34. Kg2 Qc3 35. h4 Kg7 36. Be2 Qc5 37. b4 Qd6 38. f3 Qd2 39. Qd3 Qxb4 40.
Qxb5 Qe1 41. Qd3 Qxh4 42. c4 h5 43. Qd4+ Kh7 44. c5 Qe1 45. Qf2 Qxf2+ 46. Kxf2
hxg4 47. fxg4 Kg7 48. Ke3 f5 49. g5 Kf7 50. Kf4 Ke7 51. Ke5 Bc8 52. Bf3 Ba6 53.
Bd5 Bc8 54. c6 Ba6 55. Be6 Kd8 56. Kd6 f4 57. c7+ Ke8 58. c8=Q+ Bxc8 59. Bxc8 f3
60. Ke6 f2 61. Ba6 Kf8 62. Kf6 Kg8 63. Kxg6 1-0

[Event "15th LCC Super Rapid 2025"]
[Site "London ENG"]
[Date "2025.12.07"]
[Round "8.63"]
[White "Witte, Phoebe"]
[Black "Lin, William"]
[Result "0-1"]
[WhiteElo "1581"]
[BlackElo "1688"]
[WhiteFideId "1090500"]
[BlackFideId "343433766"]
[EventDate "2025.12.06"]

1. e4 c5 2. c3 d5 3. exd5 Qxd5 4. d4 Nf6 5. Nf3 e6 6. Bd3 Nc6 7. Be3 cxd4 8.
cxd4 Bb4+ 9. Nc3 Qa5 10. Qc2 O-O 11. O-O Rd8 12. a3 Be7 13. Rad1 a6 14. h3 h6
15. Rfe1 Nd5 16. Nxd5 exd5 17. Re2 Be6 18. Bf5 Rac8 19. Qd3 Bf6 20. Rde1 Qb6 21.
Bxe6 fxe6 22. Qg6 Ne7 23. Qg4 Nf5 24. Qg6 Nxe3 25. Rxe3 Rc6 26. Qg4 Re8 27. Qf4
Qxb2 28. R1e2 Qb6 29. Ne5 Bxe5 30. Qxe5 Qb1+ 31. Kh2 Qg6 32. Rg3 Qf7 33. Ree3
Rf8 34. Rg4 h5 35. Rg5 Qf4+ 36. Qxf4 Rxf4 37. Reg3 Rc7 38. Rxh5 Rxd4 39. Rg6 Re4
40. f3 Re2 41. Kg3 d4 42. Rh4 e5 43. Rd6 Rcc2 44. Kg4 Rc3 45. Kf5 d3 46. Kg6 Rc6
47. Rxc6 bxc6 48. Rc4 Rxg2+ 49. Kf5 d2 0-1

[Event "15th LCC Super Rapid 2025"]
[Site "London ENG"]
[Date "2025.12.07"]
[Round "8.64"]
[White "Kovalskyi, Roman"]
[Black "Pereslavtsev, Alexandr"]
[Result "1-0"]
[WhiteElo "2208"]
[BlackElo "2044"]
[WhiteFideId "14184214"]
[BlackFideId "343401449"]
[EventDate "2025.12.06"]

1. e4 c5 2. Nf3 e6 3. d4 cxd4 4. Nxd4 Nc6 5. Nc3 Qc7 6. Be3 a6 7. Qf3 b5 8. Qg3
Qxg3 9. hxg3 Bb7 10. f3 Nf6 11. g4 d6 12. O-O-O Be7 13. a4 b4 14. Na2 a5 15. Nb5
O-O-O 16. Bb6 Rd7 17. Kb1 d5 18. e5 Nxe5 19. Bxa5 Nc6 20. Bb6 Ne8 21. Bd3 h6 22.
c3 bxc3 23. Naxc3 Nd6 24. Nxd6+ Bxd6 25. Nb5 Bb4 26. g5 Ne5 27. Be2 Ng6 28. gxh6
gxh6 29. Rd4 Bd6 30. a5 Kb8 31. Nxd6 Rxd6 32. Rb4 Ka8 33. a6 Bxa6 34. Bxa6 Rb8
35. Bc7 Rxb4 36. Bxd6 Rb6 37. Bd3 Rxd6 38. Rxh6 Ne5 39. Be2 d4 40. f4 d3 41. Bd1
Nc4 42. Rh3 Ka7 43. Kc1 Kb6 44. b3 Na3 45. Kd2 Nb1+ 46. Kc1 Nc3 47. Kd2 Ne4+ 48.
Ke3 f5 49. Rh1 Kc5 50. g4 Kb4 51. g5 Kc3 52. Bf3 Nd2 53. Rc1+ Kxb3 54. Kxd2 Rd4
55. Ke3 Rd7 56. g6 Kb2 57. Rc6 d2 58. Bd1 Kb1 59. Rc2 Rg7 60. Rxd2 Rxg6 61. Rd6
Kb2 62. Kd4 Rg1 63. Be2 Kc2 64. Rxe6 Kd2 65. Bc4 Rg4 66. Re2+ Kd1 67. Ke5 Rg7
68. Kxf5 Rc7 69. Re4 Kd2 70. Be6 Kd3 71. Ra4 Ke3 72. Kg6 Rc5 73. f5 Re5 74. Kf7
Rc5 75. Ke7 Rc7+ 76. Bd7 Rc1 77. f6 1-0

[Event "15th LCC Super Rapid 2025"]
[Site "London ENG"]
[Date "2025.12.07"]
[Round "8.65"]
[White "Ward, Cian"]
[Black "Manole, Stefan"]
[Result "1-0"]
[WhiteElo "1909"]
[BlackElo "2086"]
[WhiteFideId "475599"]
[BlackFideId "1203274"]
[EventDate "2025.12.06"]

1. e4 c6 2. Nf3 d5 3. Nc3 Bg4 4. h3 Bxf3 5. Qxf3 e6 6. g3 Nd7 7. d3 Bb4 8. Bd2
d4 9. Nb1 Qb6 10. b3 Ngf6 11. Bg2 O-O 12. O-O e5 13. Qe2 Rae8 14. a3 Bxd2 15.
Nxd2 Qc5 16. f4 exf4 17. gxf4 Nd5 18. Nc4 b5 19. b4 Qe7 20. Na5 Rc8 21. Nb3 Nc3
22. Qd2 c5 23. bxc5 Nxc5 24. Nxd4 N5a4 25. Nf5 Qc5+ 26. Qf2 Ne2+ 27. Kh2 Qxc2
28. Ne7+ Kh8 29. Nxc8 Rxc8 30. Rfe1 Nac3 31. Rac1 1-0

[Event "15th LCC Super Rapid 2025"]
[Site "London ENG"]
[Date "2025.12.07"]
[Round "8.66"]
[White "McLachlan, Matthew"]
[Black "Flavell, Archie"]
[Result "1-0"]
[WhiteElo "1959"]
[BlackElo "1955"]
[WhiteFideId "436003"]
[BlackFideId "343427448"]
[EventDate "2025.12.06"]

1. d4 Nf6 2. Bg5 Ne4 3. Bf4 c5 4. f3 Qa5+ 5. c3 Nf6 6. d5 e6 7. e4 exd5 8. exd5
d6 9. Qe2+ Be7 10. Qd2 O-O 11. c4 Qc7 12. Bd3 Re8 13. Ne2 a6 14. a4 Nbd7 15.
Nbc3 Nh5 16. Bg3 g6 17. Ne4 Bf8 18. f4 Bg7 19. O-O f5 20. Ng5 Ndf6 21. Nc3 Nxg3
22. hxg3 Ng4 23. Nf3 Bd7 24. Rfe1 Qa5 25. Rxe8+ Rxe8 26. Re1 h6 27. Rxe8+ Bxe8
28. Qe1 Qd8 29. Nd1 Bxa4 30. Qe6+ Kh7 31. Nf2 Nxf2 32. Kxf2 Qf6 33. g4 Qxe6 34.
dxe6 fxg4 35. Nh4 Be8 36. b3 Bc3 37. Nxg6 Kg7 38. Nh4 Kf6 39. f5 b5 40. g3 b4
41. Ng2 a5 42. Nf4 Bd4+ 43. Ke2 Be5 44. Nd5+ Kg5 45. Kf2 a4 46. bxa4 Bxa4 47.
Bb1 h5 48. e7 h4 49. gxh4+ Kxh4 50. f6 1-0

[Event "15th LCC Super Rapid 2025"]
[Site "London ENG"]
[Date "2025.12.07"]
[Round "8.67"]
[White "Breton, Martin"]
[Black "Yoon, Jacob D"]
[Result "0-1"]
[BlackTitle "CM"]
[WhiteElo "1772"]
[BlackElo "2160"]
[WhiteFideId "343428916"]
[BlackFideId "446076"]
[EventDate "2025.12.06"]

1. d4 Nf6 2. c4 e6 3. Nc3 Bb4 4. Nf3 d5 5. cxd5 exd5 6. Bg5 h6 7. Bxf6 Qxf6 8.
e3 c6 9. Bd3 O-O 10. Ne5 Nd7 11. f4 Nxe5 12. dxe5 Qh4+ 13. g3 Qd8 14. Qb3 Bc5
15. e4 d4 16. Nb1 Bh3 17. Nd2 b5 18. O-O-O Bb6 19. Kb1 a6 20. Be2 Bc8 21. f5 c5
22. Qf3 Qc7 23. Qf4 c4 24. f6 g5 25. Qf1 Qxe5 26. Bxc4 bxc4 27. Nxc4 Qxe4+ 28.
Ka1 Bc5 29. h4 g4 30. Nd2 Qf5 31. Qc4 Be6 32. Rhf1 Qd5 33. Qa4 Rfb8 34. b3 a5
35. a3 Rb4 36. axb4 axb4 0-1

[Event "15th LCC Super Rapid 2025"]
[Site "London ENG"]
[Date "2025.12.07"]
[Round "8.68"]
[White "Murawski, Jan"]
[Black "Tivillier, Jacques"]
[Result "1-0"]
[WhiteTitle "CM"]
[WhiteElo "2225"]
[BlackElo "1836"]
[WhiteFideId "21009287"]
[BlackFideId "417254"]
[EventDate "2025.12.06"]

1. d4 e6 2. c4 d5 3. Nc3 Nf6 4. Bg5 Be7 5. e3 a6 6. cxd5 exd5 7. Bd3 Be6 8. f4
h6 9. Bh4 c5 10. Nf3 Nc6 11. O-O cxd4 12. exd4 Qc7 13. f5 g5 14. Bg3 1-0

[Event "15th LCC Super Rapid 2025"]
[Site "London ENG"]
[Date "2025.12.07"]
[Round "9.1"]
[White "Firouzja, Alireza"]
[Black "Theodorou, Nikolas"]
[Result "1/2-1/2"]
[WhiteTitle "GM"]
[BlackTitle "GM"]
[WhiteElo "2762"]
[BlackElo "2656"]
[WhiteFideId "12573981"]
[BlackFideId "4262875"]
[EventDate "2025.12.06"]

1. d4 Nf6 2. c4 e6 3. g3 Bb4+ 4. Nd2 c5 5. dxc5 Bxc5 6. Bg2 O-O 7. Ngf3 d5 8.
O-O Nc6 9. e3 b6 10. b3 Bb7 11. Bb2 Rc8 12. Qb1 d4 13. Nxd4 Nxd4 14. Bxb7 Ne2+
15. Kg2 Rc7 16. Bf3 Qxd2 17. Rd1 Qa5 18. Bxe2 Ba3 19. Bf3 Rfc8 20. Qc1 Bxb2 21.
Qxb2 h6 22. Rd2 Qf5 23. Rad1 b5 24. cxb5 Qxb5 25. h4 Qf5 26. Qa3 Kh7 27. Qa4 g5
28. g4 Qe5 29. h5 Kg7 30. Qd4 Qxd4 31. Rxd4 Rc2 32. R1d2 Rc1 33. Rd1 R1c2 34.
R4d2 R2c3 35. Kf1 a5 36. Ke2 a4 37. b4 Rb8 38. Rb1 Rc4 39. b5 Rb6 40. Kd3 Rc5
41. Rdb2 Rd6+ 42. Ke2 a3 43. Rb3 Rc2+ 44. Ke1 Rdd2 45. b6 Rxf2 46. Bd1 Rxa2 47.
Rxa3 Rfb2 48. Rxb2 Rxb2 49. Rb3 Rxb3 50. Bxb3 Nd7 51. b7 Kf6 52. Ke2 Ke5 53. Kf3
f5 54. gxf5 exf5 55. Kg3 Ke4 56. Bc2+ Ke5 57. Kf3 Nb8 58. e4 fxe4+ 59. Bxe4 Nd7
60. Bc6 Nb8 61. Bb5 Kf5 62. Kg3 Ke5 63. Kg4 Ke4 64. Bf1 Ke5 65. Kf3 Kd4 66. Kg4
Ke4 67. Bg2+ Ke5 68. Bf3 Nd7 69. Bd1 Nb8 70. Kf3 Kd4 71. Ba4 Na6 72. Bd7 Nb8 73.
Bc8 Nc6 74. Bf5 Nb8 75. Bh3 Nc6 76. Kg4 Ke5 77. Bf1 Nb8 78. Bb5 Ke4 1/2-1/2

[Event "15th LCC Super Rapid 2025"]
[Site "London ENG"]
[Date "2025.12.07"]
[Round "9.2"]
[White "Kovchan, Alexander"]
[Black "Adams, Michael"]
[Result "1/2-1/2"]
[WhiteTitle "GM"]
[BlackTitle "GM"]
[WhiteElo "2440"]
[BlackElo "2635"]
[WhiteFideId "14103052"]
[BlackFideId "400041"]
[EventDate "2025.12.06"]

1. e4 e5 2. Nf3 Nc6 3. Bb5 a6 4. Ba4 Nf6 5. O-O Be7 6. d3 d6 7. c3 O-O 8. Nbd2
Re8 9. Re1 Bf8 10. Nf1 h6 11. Ng3 b5 12. Bc2 d5 13. a4 b4 14. a5 Bd6 15. h3 Rb8
16. Bd2 bxc3 17. bxc3 Bd7 18. Bb3 dxe4 19. dxe4 Rb5 20. Bc4 Rxa5 21. Bxa6 1/2-1/2

[Event "15th LCC Super Rapid 2025"]
[Site "London ENG"]
[Date "2025.12.07"]
[Round "9.3"]
[White "Yuffa, Daniil"]
[Black "Abdusattorov, Nodirbek"]
[Result "0-1"]
[WhiteTitle "GM"]
[BlackTitle "GM"]
[WhiteElo "2618"]
[BlackElo "2750"]
[WhiteFideId "24131423"]
[BlackFideId "14204118"]
[EventDate "2025.12.06"]

1. d4 Nf6 2. c4 e6 3. g3 d5 4. Bg2 Bb4+ 5. Nd2 O-O 6. Nf3 dxc4 7. a3 Ba5 8. Qa4
c6 9. Qxc4 Nbd7 10. O-O Bc7 11. Qc2 e5 12. dxe5 Nxe5 13. Nxe5 Bxe5 14. Nc4 Bc7
15. b4 Qe7 16. Be3 Re8 17. Rfe1 Ne4 18. Rad1 Bf5 19. Qb2 h5 20. Bd4 f6 21. Ne3
Bg6 22. b5 Ba5 23. Rf1 c5 24. Nd5 Qf7 25. Bc3 Nxc3 26. Nxc3 Kh8 27. Nd5 c4 28.
Qd4 Rac8 29. Nf4 Bb6 30. Qc3 Be4 31. Bxe4 Rxe4 32. e3 Rc5 33. a4 Bc7 34. Qc2 f5
35. Ne2 c3 36. Rd4 Be5 37. Rxe4 fxe4 38. Qxe4 Bf6 39. Nd4 Bxd4 40. exd4 Rc4 41.
Rc1 g6 42. Qe5+ Qg7 43. Qe6 Qxd4 44. Qxg6 c2 45. Qxh5+ Kg7 46. Qg5+ Kf7 47. Qf5+
Ke7 48. Kg2 Qd2 49. Qe5+ Kd7 50. Qe3 Qxe3 51. fxe3 Kd6 52. Kf3 Kc5 53. h4 Kb4
54. h5 Kc3 55. g4 Kd2 56. Rxc2+ Rxc2 57. h6 Kd3 58. g5 Rh2 59. Kf4 Rh4+ 60. Kf5
Kxe3 61. g6 Rh5+ 62. Kf6 Rxh6 63. Kf7 Kd4 0-1

[Event "15th LCC Super Rapid 2025"]
[Site "London ENG"]
[Date "2025.12.07"]
[Round "9.4"]
[White "Dominguez Perez, Leinier"]
[Black "Siva, Mahadevan"]
[Result "1-0"]
[WhiteTitle "GM"]
[BlackTitle "IM"]
[WhiteElo "2738"]
[BlackElo "2424"]
[WhiteFideId "3503240"]
[BlackFideId "25043153"]
[EventDate "2025.12.06"]

1. e4 e5 2. Nf3 Nc6 3. Bb5 a6 4. Ba4 Nf6 5. O-O Be7 6. Re1 b5 7. Bb3 O-O 8. h3
d6 9. c3 Bb7 10. d4 Re8 11. a3 Bf8 12. Ba2 exd4 13. cxd4 Nxe4 14. Rxe4 Rxe4 15.
Ng5 d5 16. Nc3 h6 17. Ncxe4 hxg5 18. Nxg5 Be7 19. Nxf7 Kxf7 20. Qh5+ Ke6 21.
Qg4+ Kf7 22. Qh5+ Ke6 23. Bf4 g5 24. Re1+ Kd7 25. Qg4+ Ke8 26. Qxg5 Nxd4 27.
Qg6+ Kd7 28. Qg4+ Ke8 29. Bb1 Qc8 30. Qg7 Nc6 31. Qg8+ 1-0

[Event "15th LCC Super Rapid 2025"]
[Site "London ENG"]
[Date "2025.12.07"]
[Round "9.5"]
[White "Maroroa Jones, Gawain C B"]
[Black "Rozen, Eytan"]
[Result "0-1"]
[WhiteTitle "GM"]
[BlackTitle "IM"]
[WhiteElo "2655"]
[BlackElo "2515"]
[WhiteFideId "409561"]
[BlackFideId "2816750"]
[EventDate "2025.12.06"]

1. e4 c5 2. Nc3 Nc6 3. Bb5 Nd4 4. Nf3 Nxb5 5. Nxb5 d6 6. d4 a6 7. Nc3 cxd4 8.
Qxd4 e5 9. Qb4 Be7 10. Be3 Nf6 11. Bb6 Qd7 12. O-O-O Qc6 13. Nd5 Nxd5 14. exd5
Qb5 15. a3 Bf5 16. b3 Rc8 17. Qxb5+ axb5 18. Rd2 Kd7 19. Kb2 g5 20. Be3 g4 21.
Ne1 h5 22. Rg1 h4 23. f3 gxf3 24. gxf3 Bf6 25. Bg5 Rhg8 26. Rdg2 h3 27. Rg3 Bh8
28. Kc1 Ra8 29. Bd2 Rxg3 30. hxg3 e4 31. g4 Rxa3 32. c3 e3 33. Bxe3 Ra1+ 34. Kd2
Ra2+ 35. Kd1 Bg6 36. Bd2 Be5 37. Rh1 h2 38. b4 Bg3 39. Be3 Ra1+ 40. Bc1 Bf4 0-1

[Event "15th LCC Super Rapid 2025"]
[Site "London ENG"]
[Date "2025.12.07"]
[Round "9.6"]
[White "Mishra, Abhimanyu"]
[Black "Vitiugov, Nikita"]
[Result "1/2-1/2"]
[WhiteTitle "GM"]
[BlackTitle "GM"]
[WhiteElo "2642"]
[BlackElo "2657"]
[WhiteFideId "30920019"]
[BlackFideId "4152956"]
[EventDate "2025.12.06"]

1. e4 e5 2. Nf3 Nc6 3. Bc4 d6 4. c3 f5 5. d3 Qf6 6. Qb3 Nge7 7. Bg5 Qg6 8. Nbd2
h6 9. Bxe7 Bxe7 10. exf5 Qxf5 11. O-O g5 12. Ne4 h5 13. Rfe1 g4 14. Nfd2 Kd8 15.
Bd5 h4 16. Nc4 a5 17. a4 Qg6 18. Nc5 dxc5 19. Bxc6 Qxc6 20. Nxe5 Qf6 21. Nf7+
Ke8 22. Nxh8 Qxh8 23. Re3 Kd8 24. Qd5+ Bd7 25. Rae1 Bd6 26. Qxb7 Rc8 27. Qd5 Rb8
28. d4 cxd4 29. cxd4 Kc8 30. Qxa5 Qxd4 31. Qa6+ Kd8 32. Qe2 Qxa4 33. Re4 Rb4 34.
Qd3 g3 35. hxg3 hxg3 36. fxg3 Qa5 37. Rxb4 Qxb4 38. Qe4 Qxb2 39. Qa8+ Bc8 40.
Qe4 Qb6+ 41. Kh2 c6 42. Qh4+ Kc7 43. Re8 Kb7 44. Rg8 Bc7 45. Qh8 Be6 46. Re8 Qb3
47. Qg7 Bd5 48. Re7 Qb6 49. Rd7 Kc8 50. Rxd5 cxd5 51. Qg8+ 1/2-1/2

[Event "15th LCC Super Rapid 2025"]
[Site "London ENG"]
[Date "2025.12.07"]
[Round "9.7"]
[White "Eljanov, Pavel"]
[Black "Ghasi, Ameet K"]
[Result "1-0"]
[WhiteTitle "GM"]
[BlackTitle "GM"]
[WhiteElo "2656"]
[BlackElo "2500"]
[WhiteFideId "14102951"]
[BlackFideId "409200"]
[EventDate "2025.12.06"]

1. d4 Nf6 2. c4 g6 3. Nc3 Bg7 4. e4 d6 5. Nf3 O-O 6. Be2 e5 7. O-O Na6 8. Re1
Bg4 9. Be3 Bxf3 10. Bxf3 exd4 11. Bxd4 c6 12. Qc2 Re8 13. Rad1 Qe7 14. g3 Nc7
15. Be3 Ne6 16. Qd2 Bf8 17. h3 Qc7 18. Bg2 a6 19. f4 Rad8 20. Qf2 Nd7 21. Rc1
Nec5 22. Red1 a5 23. Bd4 Ne6 24. Be3 Nec5 25. b3 b6 26. g4 Nf6 27. Bd4 Bg7 28.
e5 dxe5 29. Bxe5 Rxd1+ 30. Rxd1 Rxe5 31. fxe5 Qxe5 32. Qe1 Qc7 33. g5 Nh5 34.
Qe8+ Bf8 35. Ne4 Nxe4 36. Rd8 Qxd8 37. Qxd8 Nc3 38. Bxc6 Nf4 39. Kf1 Ne6 40. Qd2
Bb4 41. Qe3 Nb1 42. Bd5 Ng7 43. Qxb6 1-0

[Event "15th LCC Super Rapid 2025"]
[Site "London ENG"]
[Date "2025.12.07"]
[Round "9.8"]
[White "Shankland, Sam"]
[Black "Cancedda-Dupuis, Livio"]
[Result "0-1"]
[WhiteTitle "GM"]
[WhiteElo "2649"]
[BlackElo "2160"]
[WhiteFideId "2004887"]
[BlackFideId "499447"]
[EventDate "2025.12.06"]

1. d4 Nf6 2. c4 e6 3. Nc3 Bb4 4. e3 d5 5. Bd2 O-O 6. a3 Bxc3 7. Bxc3 Nbd7 8. Qc2
b6 9. cxd5 Nxd5 10. Bd3 h6 11. Ne2 Nxc3 12. Nxc3 Bb7 13. Bh7+ Kh8 14. Be4 Bxe4
15. Qxe4 c5 16. O-O-O Nf6 17. Qe5 Qc8 18. Kb1 Qc6 19. f3 Rad8 20. dxc5 bxc5 21.
e4 Nd7 22. Qd6 Qxd6 23. Rxd6 Ne5 24. Rhd1 Rb8 25. Na4 Rfc8 26. Kc2 g5 27. Ra6
Rc7 28. Ra5 Nc4 29. Ra6 Ne3+ 30. Kc1 Nxd1 31. Kxd1 Rd8+ 32. Kc2 c4 33. Kc3 Rd1
34. e5 Rd5 35. Rd6 Rxe5 36. Rd2 Re3+ 37. Kd4 Rb3 38. Rc2 Rd3+ 39. Ke5 Kg7 40. b4
Rcd7 41. Nc3 Re3+ 0-1

[Event "15th LCC Super Rapid 2025"]
[Site "London ENG"]
[Date "2025.12.07"]
[Round "9.9"]
[White "Bulmaga, Irina"]
[Black "Jankovic, Alojzije"]
[Result "1/2-1/2"]
[WhiteTitle "IM"]
[BlackTitle "GM"]
[WhiteElo "2386"]
[BlackElo "2558"]
[WhiteFideId "13903063"]
[BlackFideId "14505959"]
[EventDate "2025.12.06"]

1. e4 c5 2. c3 Nf6 3. e5 Nd5 4. Bc4 e6 5. Nf3 Nc6 6. d4 cxd4 7. cxd4 d6 8. O-O
Be7 9. Qe2 O-O 10. Nc3 Nxc3 11. bxc3 dxe5 12. dxe5 Qa5 13. Rb1 Rd8 14. Qe4 Qa4
15. Bg5 h6 16. Bxe7 Nxe7 17. Bd3 Qxe4 18. Bxe4 Nd5 19. Rfd1 Bd7 20. Bxd5 exd5
21. Rxb7 Bg4 22. Rd4 Rdb8 23. Rb3 Rxb3 24. axb3 Bxf3 25. gxf3 Rc8 26. Rd3 g5 27.
h4 a5 28. Kg2 Rb8 29. Rxd5 Rxb3 30. Rxa5 Rxc3 31. h5 Rc4 32. Ra8+ Kg7 33. Ra7
Kg8 34. Ra6 Kg7 35. Kg3 Rh4 36. e6 fxe6 37. Rxe6 Rxh5 38. f4 Rh4 39. fxg5 hxg5 1/2-1/2

[Event "15th LCC Super Rapid 2025"]
[Site "London ENG"]
[Date "2025.12.07"]
[Round "9.10"]
[White "Gordon, Stephen J"]
[Black "Hunt, Harriet V"]
[Result "1/2-1/2"]
[WhiteTitle "GM"]
[BlackTitle "IM"]
[WhiteElo "2465"]
[BlackElo "2288"]
[WhiteFideId "411477"]
[BlackFideId "403512"]
[EventDate "2025.12.06"]

1. c4 e5 2. Nc3 Bb4 3. Nd5 a5 4. Nf3 d6 5. a3 Bc5 6. d4 exd4 7. Nxd4 c6 8. Nc3
Qe7 9. Bf4 Nf6 10. e3 Bg4 11. Qd2 O-O 12. h3 Bc8 13. Be2 Na6 14. O-O Rd8 15. Bf3
Be6 16. Nxe6 Qxe6 17. Rac1 Ba7 18. Ne2 Nc5 19. Nd4 Qd7 20. Rfd1 a4 21. Qc2 Ne6
22. Bg3 Nxd4 23. exd4 d5 24. Bh4 Qd6 25. cxd5 cxd5 26. Qxa4 Bb6 27. Qb3 Ra5 28.
Bg3 Qe6 29. Re1 Ne4 30. Bxe4 dxe4 31. Qxe6 fxe6 32. Rxe4 Rb5 33. b4 Bxd4 34.
Rxe6 Bb2 35. Rc7 h6 36. Re3 Rd1+ 37. Kh2 Ra1 38. Rc2 Bxa3 39. Be5 Rc1 40. Rxc1
Bxc1 41. Rc3 Bd2 42. Rc8+ Kh7 43. f4 Rxb4 44. Rc7 Bxf4+ 1/2-1/2